000 06040cam a22019934i 4500
003 PE-LiUPU
005 20250813165346.0
008 030225s2002 sp a rb 000 0 spa d
020 _a8436817028
020 _a9788436817027
035 _a(Sirsi) i9788436817027
040 _aPL#
_bspa
_cPL#
_dUNAMX
_dBAKER
_dYDXCP
_dCRUNA
_dBNM
_dESUDE
_dI8M
_dOCLCO
_dOCLCF
_dOCLCQ
_dOCLCO
_dESMDG
_cPE-LiUPU
_erda
049 _aPRUA
080 _a658.012.4
082 _a658.011
_bH51
100 1 _aHidalgo Nuchera, Antonio,
_eautor.
245 1 3 _aLa gestión de la innovación y la tecnología en las organizaciones /
_cAntonio Hidalgo Nuchera, Gonzalo León Serrano, Julián Pavón Morote.
264 _aMadrid :
_bEdiciones Pirámide,
_c[2002].
300 _a559 páginas :
_bilustraciones ;
_c24 centímetros.
336 _atext
_2rdacontent
337 _aunmediated
_2rdamedia
338 _avolume
_2rdacarrier
490 1 _aEconomía y empresa
504 _aBibliografía: páginas. 551-559.
505 _aLa tecnología como recurso estratégico -- La innovación tecnológica. Competencias básicas y conocimiento tecnológico -- El valor de desarrollar una estrategia de innovación tecnológica -- La optimización del proceso de desarrollo de nuevos productos -- La mejora de proceso -- La cooperación estratégica tecnológica -- El proceso de transferencia de tecnología -- Estrategias de protección y explotación de la tecnología-- La vigilancia tecnológica y la inteligencia competitiva -- Gestión y evaluación de proyectos de innovación tecnológica -- La gestión de riesgos tecnológicos -- Creatividad motivación y financiación de la innovación -- Políticas públicas de apoyo a la innovación tecnológica -- La valorización de la tecnología mediante la creación de nuevas empresas de base tecnológica -- Innovación y competitividad -- Innovación, globalización y nueva economía.
526 _aP203
526 _aP200
526 _aSEG65
526 _aSEG64
526 _aSEG63
526 _aSEG62
526 _aSEG61
526 _aSEG60
526 _aSEG59
526 _aSEG58
526 _aSEG57
526 _aSEG56
526 _aSEG55
526 _aSEG54
526 _aSEG53
526 _aSEG52
526 _aSEG51
526 _aSEG50
526 _aSEG49
526 _aSEG48
526 _aSEG47
526 _aSEG46
526 _aSEG24
526 _aSEG23
526 _aSEG22
526 _aSEG21
526 _aSEG20
526 _aSEG19
526 _aSEG18
526 _aSEG17
526 _aSEG16
526 _aSEG14
526 _aSEG13
526 _aSEG12
526 _aSEG11
526 _aSEG10
526 _aSEG09
526 _aSEG06
526 _aSEG05
526 _aSEG04
526 _aSEG03
526 _aSEG02
526 _aSEG68
526 _aSEG66
526 _aSEG45
526 _aSEG25
526 _aSEG01
526 _aP163
526 _aP162
526 _aP161
526 _aP160
526 _aP159
526 _aP158
526 _aP157
526 _aP156
526 _aP155
526 _aP154
526 _aP153
526 _aP152
526 _aP151
526 _aP150
526 _aP149
526 _aP142
526 _aP141
526 _aP140
526 _aP139
526 _aP138
526 _aP137
526 _aP132
526 _aP131
526 _aP130
526 _aP126
526 _aP125
526 _aP124
526 _aP123
526 _aP115
526 _aP122
526 _aP121
526 _aP116
526 _a P114
526 _aP112
526 _aP111
526 _aP104
526 _aP103
526 _aP102
526 _aP101
526 _aP100
526 _aP96
526 _aP95
526 _aP93
526 _aP92
526 _aP91
526 _aP88
526 _aP83
526 _aP82
526 _aP79
526 _aP78
526 _aP75
526 _aP74
526 _aP71
526 _aP69
526 _a P51
526 _aP49
526 _aP48
526 _aP47
526 _aP33
526 _aP31
526 _a P30
526 _aP29
526 _aP27
526 _aP26
526 _aP25
526 _aP24
526 _a P22
526 _aP10
526 _aP09
526 _a P08
526 _aP06
526 _aP05
526 _aP04
526 _aP01
541 _g001-003587;
546 _aEspañol.
650 4 _aEstrategias.
650 4 _aEvaluación de proyectos.
_94937
650 4 _aGestión.
650 4 _aInnovaciones Tecnológicas.
650 4 _aProductos.
650 4 _aTecnología.
700 1 _aLeón Serrano, Gonzalo,
_eautor.
700 1 _aPavón Morote, Julián,
_eautor.
910 _armch
_btqv
_cemss
_d20160706
910 _adbm
_bksl
_cksl
_d20180606
910 _adbm
_bncf
_cncf
_d20190416
942 _2ddc
_cBOOK
949 _a658.011 H51 2002
_wDEWEY
_c1
_iFJ00700
_lCCODEBUJ1
_mBUJ
_p52.19
_r0
_sY
_tBOOK
_u2016-7-6
_xFCE
_PP04
_0COMPRA
_o.STAFF. Coleccion General Juliaca
949 _a658.011 H51 2002
_wDEWEY
_c2
_iFJ01002
_lCCODEBUJ1
_mBUJ
_p52.19
_r0
_sY
_tBOOK
_u2016-7-15
_xFCE
_PP04
_0COMPRA
_o.STAFF. Colección General Juliaca
994 _aC0
_bPEPRU
596 _a1 3
999 _a658.011 H51 2011
_wDEWEY
_c10436
_iFJ00700
_f2022-1-31
_g3
_lCCODEBUJ1
_mBUJ
_p52.00
_r0
_sY
_tBOOK
_u2018-12-21
_xFCE
_PP04
_0COMPRA
_o.STAFF. Colección General Juliaca
_d10436
999 _a658.011 H51 2011
_wDEWEY
_c2
_iFJ01002
_d2019-4-29
_f2022-1-31
_g3
_lCCODEBUJ1
_mBUJ
_p52.00
_q1
_r0
_sY
_tBOOK
_u2018-12-21
_xFCE
_PP04
_0COMPRA
_o.STAFF. Colección General Juliaca
999 _a658.011 H51 2008
_wDEWEY
_c1
_i78534
_f2021-11-5
_g3
_lCCODEBUL1
_mBUL
_p73.15
_r0
_sY
_tBOOK
_u2019-4-16
_xFCE
_PP04
_0COMPRA
_o.STAFF. Coleccción Ciencias Empresariales
980 _81
_gALBERTO SANCHEZ Responsable de Automatización